000 00617nam a2200229Ia 4500
003 OSt
005 20220924114603.0
006 a|||||r|||| 00| 0
007 ta
008 220923b |||||||| |||| 00| 0 urd d
024 _a312508
037 _cTextual
040 _aARTS
_cARTS
_burd
041 _2urd
_aurd
082 _aO168,1L97:g, K9
100 _aAli Abbas Ummeed
_9174381
245 0 _aNigar-e-Ghalib
260 _aBhopal
_bAadarsh Degree College India
_c1969
650 _aURDU POETRY
942 _hO168,1L97:g, K9
_cTEXL
_2CC
999 _c394320
_d394320